000 00477nam a2200181Ia 4500
001 2602
005 20260306144819.0
008 260306t2017||||xx |||||||||||||| ||spa||
041 _aESP
082 _a616.9803
_bU77
100 _aUribe Prado, Jesús Felipe
_eAUT
245 0 _aClima y ambiente organizacional:
_btrabajo, salud y factores psicosociales
260 _c2017
300 _a227 páginas :
_c23 cm.
650 _aGEN
654 _aCPS
942 _cLIB
_dJUS
_fJUS
_2ddc
_n
999 _c2602
_d2602